000 00291nam a22001337a 4500
008 171006b xxu||||| |||| 00| 0 eng d
020 _a0880482516
041 _aeng
080 _a159.9
100 _a49
101 _aPSI
245 _aTEXTBOOK PSYCHIATRY
_cTALBOTT.J.A
942 _2udc
_cBK
999 _c32223
_d32223